| 000 | 00567nam a2200181 4500 | ||
|---|---|---|---|
| 999 |
_c163969 _d163969 |
||
| 005 | 20190507164644.0 | ||
| 010 | _aENG-125133 | ||
| 020 |
_a9788192034225 _c160.00 |
||
| 035 | _aEN-108665 | ||
| 037 | _bDBAD/PUB | ||
| 082 | _a881 | ||
| 100 | _aPanikkar, G.N. | ||
| 245 |
_aWhen one strays into your life/ _cG.N.Panikar |
||
| 260 |
_aThiruvananthapuram _bFolio _c2011 |
||
| 270 |
_aTJRA 135, Palace Gardens, Pipinmoodu _bThiruvananthapuram _e695010 _k0471-2725383 _mfoliobooks@gmail.com |
||
| 300 |
_a128p. _c22cm(pbk) |
||
| 942 |
_2ddc _cEN _h881 _mPAN |
||